West Hampstead Management Property Co Ltd v Pearl Property Ltd (Record no. 71704)

MARC details
000 -LEADER
fixed length control field 01609cam a2200229 4500
008 - FIXED-LENGTH DATA ELEMENTS--GENERAL INFORMATION
fixed length control field 021204n2002 000 0 eng u
035 ## - SYSTEM CONTROL NUMBER
System control number (Sirsi) u120660
245 ## - TITLE STATEMENT
Title West Hampstead Management Property Co Ltd v Pearl Property Ltd
260 ## - PUBLICATION, DISTRIBUTION, ETC.
Date of publication, distribution, etc. 2002
490 ## - SERIES STATEMENT
Series statement Estates Gazette Law Reports
Volume/sequential designation [2002] 45 EG 155-161(7)
490 ## - SERIES STATEMENT
Series statement Court of Appeal (Civil Division)
Volume/sequential designation [2002] EWCA Civ 1372
520 ## - SUMMARY, ETC.
Summary, etc. CA 26 July 2002. The appellant company (W) was the nominee purchaser set up by three of the lessees of a block of flats in order to acquire the freehold reversion under the Leasehold Reform, Housing and Urban Development Act 1993. The leasehold valuation tribunal set the price payable for the freehold at £450 000, based upon a valuation date of 22 February 2000. Previously the nominee purchaser had sought a determination of £390 000 based on a valuation date of 5 May 1999. The respondent landlord (P) had sought a price of £605 000 based upon a date of 22 February 2000. The Lands Tribunal dismissed W's appeal and allowed P's cross-appeal, determining the price at £519 000, deciding "inter alia" that the valuation date was 22 February 2000. W appealed, arguing that the valuation date was 5 May 1999. "Held", the appeal was dismissed.
650 ## - SUBJECT ADDED ENTRY--TOPICAL TERM
Topical term or geographic name entry element LEASEHOLD ENFRANCHISEMENT
650 ## - SUBJECT ADDED ENTRY--TOPICAL TERM
Topical term or geographic name entry element LEASEHOLD REFORM, HOUSING AND URBAN DEVELOPMENT ACT 1993
650 ## - SUBJECT ADDED ENTRY--TOPICAL TERM
Topical term or geographic name entry element LEASES
650 ## - SUBJECT ADDED ENTRY--TOPICAL TERM
Topical term or geographic name entry element UNDERLEASES
650 ## - SUBJECT ADDED ENTRY--TOPICAL TERM
Topical term or geographic name entry element VALUATION DATE
650 ## - SUBJECT ADDED ENTRY--TOPICAL TERM
Topical term or geographic name entry element WEST HAMPSTEAD MANAGEMENT PROPERTY CO
650 ## - SUBJECT ADDED ENTRY--TOPICAL TERM
Topical term or geographic name entry element LEASEHOLD VALUATION TRIBUNAL
690 ## - LOCAL SUBJECT ADDED ENTRY--TOPICAL TERM (OCLC, RLIN)
Topical term or geographic name as entry element LANDLORD AND TENANT-LEASES-CASE LAW
942 ## - ADDED ENTRY ELEMENTS (KOHA)
Suppress in OPAC 0
Holdings
Withdrawn status Lost status Source of classification or shelving scheme Damaged status Not for loan Home library Current library Shelving location Date acquired Total Checkouts Full call number Barcode Date last seen Copy number Price effective from Koha item type
    Dewey Decimal Classification     London London Journal article 04/12/2002   X120660 120660-1001 06/08/2019 1 06/08/2019 Law report